000 00562nam a2200157Ia 4500
008 240729s9999 xx 000 0 und d
022 _a2286-9131
245 0 _aECTI Transactions on Computer and Information Technology
260 _aThailand
260 _bElectrical Engineering/Electronics, Computer, Communications and Information Technology Association
650 _a Electrical engineering. Electronics. Nuclear engineering
650 _aTechnology
856 _uhttps://doaj.org/toc/e8aa04e101804072b18d960f6d3a2ca3
942 _2ddc
942 _cDOAJEJ
999 _c72990
_d72990
945 _a1
_bMadushi Gamage
_c1
_dMadushi Gamage